000
00301 a2200145 4500
001
163078
020
_a
040
_c
Magnum
100
_a
-
240
1
0
_a
Almanaque brasil/1997-1998
_l
por
245
1
0
_a
Almanaque brasil/1997-1998
362
0
_a
1899
697
_a
HISTORIA DO BRASIL
942
_c
BK
999
_c
163078
_d
163078